Отчет о состоянии учебной части... (Запись № 5663271)

Подробности
000 -МАРКЕР
контрольное поле 03043nam1a22003731 4500
001 - ИДЕНТИФИКАТОР ЗАПИСИ
контрольное поле v19\rc\1571531
005 - ИДЕНТИФИКАТОР ВЕРСИИ
контрольное поле 20251115135608.8
035 ## - ДРУГИЕ СИСТЕМНЫЕ НОМЕРА
Идентификатор записи (NLR Aleph) 005236847
100 ## - ДАННЫЕ ОБЩЕЙ ОБРАБОТКИ
Данные общей обработки 20061002g18921915|||y0rusy50 ca
101 0# - ЯЗЫК РЕСУРСА
Язык текста, звукозаписи и т.д. русский
102 ## - СТРАНА ПУБЛИКАЦИИ ИЛИ ПРОИЗВОДСТВА
Страна публикации Российская Федерация
105 ## - ПОЛЕ КОДИРОВАННЫХ ДАННЫХ: ТЕКСТОВЫЕ МАТЕРИАЛЫ, МОНОГРАФИЧЕСКИЕ
Кодированные данные о монографическом текстовом документе j |||||
200 1# - ЗАГЛАВИЕ И СВЕДЕНИЯ ОБ ОТВЕТСТВЕННОСТИ
Основное заглавие Отчет о состоянии учебной части...
Первые сведения об ответственности Петровское училище Петербургского купеческого общества
210 ## - ПУБЛИКАЦИЯ, РАСПРОСТРАНЕНИЕ И ДР.
Место издания, распространения и т.д. С.-Петербург
Дата издания, распространения и т.д. 1892-
215 ## - ФИЗИЧЕСКАЯ ХАРАКТЕРИСТИКА
Размеры 26
300 ## - ОБЩИЕ ПРИМЕЧАНИЯ
Текст примечания Сост. отчетов на 1891-1897 гг. - секретарь пед. ком. пр. Петр. уч-ща Н.Б. Медер; на 1897-1901 гг. - наблюдатель и преп. Петр. уч-ща С.Н. Агриколянский; на 1901-1907 г. - секр. пед. ком. преп. Петр. уч-ща М.Б. Трофимов; за 1907/08-1909/1910, 1911/1912 - дир. уч-ща Э.А. Фехнер; за 1910/11, 1912/13 гг. - инспектор уч-ща А.И. Лященко; за 1913/14-1914/1915 гг. - дир- уч-ща Г.А. Хотунцов
300 ## - ОБЩИЕ ПРИМЕЧАНИЯ
Текст примечания Загл. отчетов за 1891-1907 гг.: Памятная книжка состоящего под Высочайшим покровительством Его Императорского Величества Петровского училища С.-Петербургского купеческого общества: отчет о состоянии учебной части; за 1880-1890 гг.: Первое десятилетие Петровского училища С.-Петербургского купеческого общества. 1-е окт. 1880 г.-1-е окт. 1890 г.
517 0# - ДРУГИЕ ВАРИАНТЫ ЗАГЛАВИЯ
Вариант заглавия Памятная книжка состоящего под Высочайшим покровительством Его Императорского Величества Петровского училища С.-Петербургского купеческого общества
517 0# - ДРУГИЕ ВАРИАНТЫ ЗАГЛАВИЯ
Вариант заглавия Первое десятилетие Петровского училища С.-Петербургского купеческого общества
702 #1 - ИМЯ ЛИЦА - ВТОРИЧНАЯ ОТВЕТСТВЕННОСТЬ
Начальный элемент ввода Фехнер
Часть имени, кроме начального элемента ввода Э. А.
Расширение инициалов личного имени Эдуард Августович
Код отношения Составитель
702 #1 - ИМЯ ЛИЦА - ВТОРИЧНАЯ ОТВЕТСТВЕННОСТЬ
Начальный элемент ввода Хотунцов
Часть имени, кроме начального элемента ввода Г. А.
Расширение инициалов личного имени Геннадий Александрович
Код отношения Составитель
702 #1 - ИМЯ ЛИЦА - ВТОРИЧНАЯ ОТВЕТСТВЕННОСТЬ
Начальный элемент ввода Лященко
Часть имени, кроме начального элемента ввода А. И.
Расширение инициалов личного имени Аркадий Иоакимович
Код отношения Составитель
702 #1 - ИМЯ ЛИЦА - ВТОРИЧНАЯ ОТВЕТСТВЕННОСТЬ
Начальный элемент ввода Трофимов
Часть имени, кроме начального элемента ввода М. В.
Расширение инициалов личного имени Михаил Васильевич
Код отношения Составитель
702 #1 - ИМЯ ЛИЦА - ВТОРИЧНАЯ ОТВЕТСТВЕННОСТЬ
Начальный элемент ввода Медер
Часть имени, кроме начального элемента ввода Н. Б.
Расширение инициалов личного имени Николай Богданович
Код отношения Составитель
702 #1 - ИМЯ ЛИЦА - ВТОРИЧНАЯ ОТВЕТСТВЕННОСТЬ
Начальный элемент ввода Агриколянский
Часть имени, кроме начального элемента ввода С. Н.
Расширение инициалов личного имени Сергей Николаевич
Код отношения Составитель
710 02 - НАИМЕНОВАНИЕ ОРГАНИЗАЦИИ - ПЕРВИЧНАЯ ОТВЕТСТВЕННОСТЬ
Начальный элемент ввода Петровское училище
Идентифицирующий признак Петербург
Идентификатор авторитетной/нормативной записи RU\NLR\AUTH\889951158
801 #0 - ИСТОЧНИК ЗАПИСИ
Страна Российская Федерация
Организация NLR
Дата составления 20061002
Правила каталогизации psbo
801 #0 - ИСТОЧНИК ЗАПИСИ
Страна Российская Федерация
Организация RuMoRGB
Дата составления 20061002
Источник данных psbo
801 #1 - ИСТОЧНИК ЗАПИСИ
Страна Российская Федерация
Организация ProSoft-M
Дата составления 20061002
Источник данных rusmarc
801 #2 - ИСТОЧНИК ЗАПИСИ
Страна Российская Федерация
Организация NLR
Дата составления 20091026
Источник данных rusmarc
852 ## - МЕСТОНАХОЖДЕНИЕ И ШИФР ХРАНЕНИЯ
Идентификатор организации NLR
Публикуемое примечание (1891-1915*)
942 ## - ДОПОЛНИТЕЛЬНЫЕ ЭЛЕМЕНТЫ ЗАПИСИ (АБИС)
Тип экземпляра АБИС Книга
980 ## - КОЛЛЕКЦИЯ
Название коллекции Национальная библиография

Нет доступных экземпляров.